000
00446nam a2200193Ia 4500
008
151119s9999||||xx |||||||||||||| ||und||
082
_a
891.463
082
_b
GKKV11928
100
_a
बोरकर वि ज
245
_a
वंश
260
_a
--
260
_b
--
260
_c
0
600
_a
बोरकर वि ज
630
_a
वंश
700
_a
बोरकर वि ज
730
_a
वंश
942
_c
BOOK
999
_c
1065846
_d
1065843